| 000 | 00614nam a2200205 a 4500 | ||
|---|---|---|---|
| 005 | 20140310183206.0 | ||
| 008 | 030127s19uu xx 00 eng d | ||
| 020 | _a0932935494 | ||
| 050 |
_aLB 1590.3 _b.F63 1994 |
||
| 100 | _aFogarty, Robin | ||
| 245 |
_aHow to teach for metacognitive reflection / _cRobin Fogarty. |
||
| 260 |
_aUSA : _bSkyLight Training and Publishing Inc., _c1994. |
||
| 300 |
_a312 p. : _bill. ; _c27 cm. |
||
| 521 | _aEDU | ||
| 650 |
_aThought & thinking _xstudy & teaching |
||
| 650 | _aMetacognition | ||
| 650 |
_aTeaching _xaids & devices |
||
| 942 |
_cBK _2lcc _kFOR |
||
| 999 |
_c19988 _d19988 |
||